Nanga Parbat / نانگا پربت (Urdu) / (Record no. 213315)
[ view plain ]
| 000 -LEADER | |
|---|---|
| fixed length control field | 00495 a2200181 4500 |
| 003 - CONTROL NUMBER IDENTIFIER | |
| control field | NUST |
| 005 - DATE AND TIME OF LATEST TRANSACTION | |
| control field | 20230317124024.0 |
| 020 ## - INTERNATIONAL STANDARD BOOK NUMBER | |
| International Standard Book Number | 969-35-0105-5 |
| 028 ## - PUBLISHER NUMBER | |
| Publisher number | Sang Meel |
| 040 ## - CATALOGING SOURCE | |
| Transcribing agency | Nust |
| 082 ## - DEWEY DECIMAL CLASSIFICATION NUMBER | |
| Classification number | 910.4,TAR |
| 100 ## - MAIN ENTRY--PERSONAL NAME | |
| Personal name | Tarar, Mustansar Hussain |
| 9 (RLIN) | 3135 |
| 245 ## - TITLE STATEMENT | |
| Title | Nanga Parbat / نانگا پربت (Urdu) / |
| Statement of responsibility, etc. | Mustansar Hussain Tarar |
| 260 ## - PUBLICATION, DISTRIBUTION, ETC. | |
| Place of publication, distribution, etc. | Lahore |
| Name of publisher, distributor, etc. | Sang Meel |
| Date of publication, distribution, etc. | 2004, 2011 |
| 300 ## - PHYSICAL DESCRIPTION | |
| Extent | 416p.; |
| 650 ## - SUBJECT ADDED ENTRY--TOPICAL TERM | |
| Topical term or geographic name entry element | Urdu Literature |
| General subdivision | Safar Nama |
| 9 (RLIN) | 110432 |
| 942 ## - ADDED ENTRY ELEMENTS (KOHA) | |
| Source of classification or shelving scheme | |
| Koha item type | Book |
| Call number prefix | 910.4,TAR |
| Withdrawn status | Lost status | Source of classification or shelving scheme | Damaged status | Not for loan | Permanent Location | Current Location | Shelving location | Date acquired | Total Checkouts | Full call number | Barcode | Date last seen | Date last checked out | Price effective from | Koha item type | Public note | Shelving control number |
|---|---|---|---|---|---|---|---|---|---|---|---|---|---|---|---|---|---|
| Military College of Signals (MCS) | Military College of Signals (MCS) | General Stacks | 03/17/2023 | 1 | 910.4,TAR | MCS37954 | 03/07/2024 | 01/15/2024 | 03/17/2023 | Book | Almirah No.66, Shelf No.5 | ||||||
| Military College of Signals (MCS) | Military College of Signals (MCS) | General Stacks | 03/17/2023 | 910.4,TAR | MCS26489 | 03/17/2023 | 03/17/2023 | Book | Almirah No.66, Shelf No.5 | ||||||||
| Military College of Signals (MCS) | Military College of Signals (MCS) | General Stacks | 01/15/2025 | 910.4,TAR | MCS36196 | 01/15/2025 | 01/15/2025 | Book | Almirah No.66, Shelf No.5 | Urdu Literature |
